Normal view
MARC view
Entry Topical Term
001 - CONTROL NUMBER
- control field: 45093
003 - CONTROL NUMBER IDENTIFIER
- control field: dpl
005 - DATE AND TIME OF LATEST TRANSACTION
- control field: 20120413161310.0
008 - FIXED-LENGTH DATA ELEMENTS
- fixed length control field: 120413|||a|||||| | ||| d
040 ## - CATALOGING SOURCE
- Original cataloging agency: dpl
- Transcribing agency: dpl
150 ## - HEADING--TOPICAL TERM
- Topical term or geographic name as entry element: Pollution, Air
670 ## - SOURCE DATA FOUND
- Source citation: Work cat.: (dpl)4531: मिश्र,शिवगोपाल 45092, वायु प्रदूषण, 2006
670 ## - SOURCE DATA FOUND
- Source citation: Work cat.: (dpl)4531: मिश्र,शिवगोपाल 45092, वायु प्रदूषण, 2006
